The Sea And Sealife
| Main Author: | |
|---|---|
| Format: | Book |
| Published: |
India :
Ziqzaq Publishing ,
1995
|
| Series: | 100 Question and Answers
|
| Subjects: |
MARC
| LEADER | 00000cam a2200000 7i4500 | ||
|---|---|---|---|
| 001 | 0000051027 | ||
| 005 | 20150809.0 | ||
| 008 | 150809 | ||
| 020 | |a 812430324x | ||
| 020 | |a 9788124303245 | ||
| 090 | 0 | 0 | |a SC |b ENG |
| 100 | 1 | |a Wade Laura | |
| 245 | 1 | 0 | |a The Sea And Sealife |c Wade Laura |
| 260 | |a India : |b Ziqzaq Publishing , |c 1995 | ||
| 300 | |a 32pg. : |b Col.ill | ||
| 490 | 1 | |a 100 Question and Answers | |
| 650 | 0 | |a English Fiction | |
| 999 | |a 0001084592 |b Book |c Children Collection |e Cawangan Bukit Gambir | ||